000 00430nam a2200181Ia 4500
005 20240823010510.0
008 240823s9999||||xx |||||||||||||| ||und||
041 _aENGLISH
082 _A540 P0
100 _aSumitra Handa
245 0 _aJoint UGC-CSIR NET Chemistry
250 _a1st
260 _c2000
_b"Satya Prakashan,New Delhi"
500 _aTRANSFERED
650 _aGeneral
_bGeneral
942 _cBK
999 _c158802
_d158802